Taylor Swift mystery lyrics #89 - Statistics

General Stats
  • This quiz has been taken 59 times
  • The average score is 139 of 181
Answer Stats
Answer % Correct
I
100%
you
100%
You
100%
a
98%
me
96%
the
96%
The
96%
do
94%
And
92%
and
92%
in
92%
it
92%
my
92%
they
92%
your
92%
to
90%
go
88%
No
88%
be
85%
I'm
85%
is
85%
Is
85%
on
85%
say
85%
that
85%
this
85%
too
85%
don't
83%
if
83%
just
83%
love
83%
All
81%
at
81%
Oh
81%
oh
81%
want
81%
what
81%
But
77%
from
77%
off
77%
up
77%
haze
75%
lavender
75%
one
75%
see
75%
wanna
75%
with
75%
Get
73%
gonna
73%
much
73%
chest
71%
I've
71%
stay
71%
been
69%
damn
69%
ever
69%
give
69%
new
69%
night
69%
people
69%
yeah
69%
creeping
67%
desk
67%
feel
67%
need
67%
only
67%
or
67%
shit
67%
damned
65%
They're
65%
bride
63%
girl
63%
wife
63%
ceiling
60%
Meet
60%
midnight
60%
spiral
60%
Staring
60%
Talk
60%
talk
60%
viral
60%
asking
58%
history
58%
keep
58%
1950s
56%
deal
56%
even
56%
into
56%
under
56%
bringing
54%
beautifully
52%
handle
52%
kinda
52%
listening
52%
find
48%
read
48%
scrutiny
48%
melancholia
46%
weren't
46%
Surreal
44%
dizzying
42%
Ooh
38%
woah
25%
No matching quizzes found
Score Distribution
Percent of People with Each Score
Percentile by Number Answered
Your Score History
You have not taken this quiz